00349nam a2200145Ia 4500008004000000041000800040082001300048100002200061245002800083260004300111300001300154650001400167650001500181650000700196210210b2008 xxu||||| |||| 00| 0 eng d aeng a301 PAIP aPAIS (Richard) Ed aPrinciples of sociology aMangalorebMangala Publications.c2008 aviii,134 asociology aPrinciples aof